| 000 | 02063nam a22002657a 4500 | ||
|---|---|---|---|
| 005 | 20240629092516.0 | ||
| 008 | 220418b ||||| |||| 00| 0 eng d | ||
| 040 | _cAloy | ||
| 041 | _aeng | ||
| 082 |
_223 _a954.02 _bMARN |
||
| 100 |
_aMarx _9171978 |
||
| 100 |
_dS Apresyan Tr _929999 |
||
| 245 | _aNotes on Indian history (664-1858) | ||
| 260 |
_aMoscow _bProgress Publisher _c1986 |
||
| 300 |
_a168 p. _bPB _c20x12cm. |
||
| 365 | _2History | ||
| 520 |
_aExcerpt from Notes on Indian History, 664 1858
From the fifties on, Marx carefully studied India as a colonial country where diverse forms and methods of colo nial rule and plunder had been practised. He also took interest in India because she still retained, to a certain degree, relations peculiar to primitive communal society.
However changing the political aspect of India's past must appear, her social condition has remained unaltered since her remotest antiquity, until the first decennium of the 19th century, Marx wrote in The British Rule in India, Selected Works, English edition, Moscow, Vol. I, p.
About the Publisher
Forgotten Books publishes hundreds of thousands of rare and classic books. Find more at www.forgottenbooks.com
This book is a reproduction of an important historical work. Forgotten Books uses state-of-the-art technology to digitally reconstruct the work, preserving the original format whilst repairing imperfections present in the aged copy. In rare cases, an imperfection in the original, such as a blemish or missing page, may be replicated in our edition. We do, however, repair the vast majority of imperfections successfully; any imperfections that remain are intentionally left to preserve the state of such historical works. _uhttps://www.marxists.org/archive/marx/works/subject/india/notesonindianhistory-marx.pdf |
||
| 650 |
_aIndian History _930023 |
||
| 650 |
_aMussulman Conquest of India _930024 |
||
| 650 |
_aBritish _930025 |
||
| 650 |
_aMogul Empire _930026 |
||
| 700 |
_aMARX _929998 |
||
| 700 |
_aAPRESYAN (S) Tr _930000 |
||
| 942 |
_2ddc _cGF |
||
| 999 |
_c222444 _d222444 |
||